| 000 | 00937nam a2200277Ia 4500 | ||
|---|---|---|---|
| 003 | GCL | ||
| 008 | 140319s9999 xx 000 0 ara d | ||
| 040 |
_aGCL / _cGCL |
||
| 082 | 0 | 4 |
_a953.09 _bا ت |
| 100 | 1 | _aاوزتونا , يلماز | |
| 245 | 1 | 0 |
_aتاريخ الدولة العثمانية / _cاوزتونا , يلماز |
| 700 | 1 | _aعدنان محمود سلمان (مترجم) | |
| 700 | 1 | _aمحمود الانصارى (مراجع) | |
| 260 |
_a[S.N] : _bمؤسسة فيصل للتمويل ، _c1988 |
||
| 300 | _a679 ص | ||
| 490 | _a | ||
| 650 | 0 | 4 | _aتاريخ |
| 650 | 0 | 4 | _aالاحوال السياسية |
| 650 | 0 | 4 | _aالامبراطورية العثمانية |
| 650 | 0 | 4 | _aعصر الازدهار |
| 650 | 0 | 4 | _aالحركات الانفصالية |
| 650 | 0 | 4 | _aالعصر |
| 650 | 0 | 4 | _aالامبراطورية العثمانية فى اوروبا |
| 650 | 0 | 4 | _aعصر الضعف |
| 942 |
_2ddc _cBK |
||
| 999 |
_c31098 _d31098 |
||